| 000 | 01197pab a2200169 454500 | ||
|---|---|---|---|
| 008 | 180718b1999 xxu||||| |||| 00| 0 eng d | ||
| 100 | _aSchumaker, Paul | ||
| 245 | _aAffirmative action, principles of justice, and the evolution of urban theory | ||
| 260 | _c1999 | ||
| 300 | _ap.619-40 | ||
| 362 | _aMay | ||
| 520 | _aAnalysis of interviews with 112 elected officials in 12 American cities indicates that their support for affirmative action is more strongly influenced by the justice principles they hold than by the contextual variables normally emphasized by leading urban paradigms. Allegiance to fair equal opportunity and blocking cumulative inequalities enhances support for affirmative action, whereas allegiance to maximizing aggregate utility and retaining market allocations reduces such support. These results suggest that urban paradigms should include the moral principles of participants as well as variables describing the interests that officials represent and the economic, social, political, and cultural contexts that constrain their decisions. - Reproduced | ||
| 650 | _aUrban development | ||
| 700 | _aKelly, Marisa | ||
| 773 | _aUrban Affairs Review | ||
| 909 | _a41180 | ||
| 999 |
_c41180 _d41180 |
||